| 000 | 00717nam a2200217 a 4500 | ||
|---|---|---|---|
| 005 | 20240925064917.0 | ||
| 008 | 991125s1980 es 000 0 spa u | ||
| 020 | _a8432003433 | ||
| 035 | _aUPN01000043949 | ||
| 049 | _aCG | ||
| 050 | 4 |
_aLB1105 _bP3.2 no.23 |
|
| 100 | 1 |
_aCousinet, Roger, _d1881-1973 |
|
| 245 | 1 | 0 |
_aPedagogía del aprendizaje / _cRoger Cousinet ; tr. Ramón Meseguer. |
| 260 |
_aBarcelona, Esp. : _bPlaneta, _c1980. |
||
| 300 | _a136 p. | ||
| 440 | 0 |
_aPaideia. _pBiblioteca práctica de pedagogía, psicología y psicopatología de la infancia ; _v23 |
|
| 650 | 4 |
_aEducación de niños _95387 |
|
| 650 | 4 |
_aPsicología del aprendizaje _95221 |
|
| 650 | 4 |
_aPsicopedagogía _95085 |
|
| 905 | _aLibro | ||
| 999 |
_c43949 _d43949 |
||